| 000 | 00387nam a22001457a 4500 | ||
|---|---|---|---|
| 003 | OSt | ||
| 005 | 20160727222357.0 | ||
| 008 | 160622b xxu||||| |||| 00| 0 eng d | ||
| 040 | _ctest | ||
| 100 |
_9560 _aCooper, J |
||
| 245 | _aThe Famous Five and the Stately Homes Gang | ||
| 260 |
_aFRANCE _bKNIGHTS BOOKS _c1981 |
||
| 300 | _aThe Famous Five and the Stately Homes Gang | ||
| 942 |
_2ddc _cBK |
||
| 999 |
_c469 _d469 |
||